Derrumbes en Guatemala
Gespeichert in:
| Format: | Text |
|---|---|
| Tags: |
Tag hinzufügen
Keine Tags, Fügen Sie den ersten Tag hinzu!
|
MARC
| LEADER | 00000 a a2200000 04500 | ||
|---|---|---|---|
| 001 | 42497 | ||
| 003 | |||
| 040 | |||
| 245 | |a Derrumbes en Guatemala | ||
| 773 | |g volumen32, número1 (2009), páginas 10 | ||
| 999 | |c 24893 |d 24893 | ||
